| 000 -LEADER |
| fixed length control field |
00594pam a2200181 a 4500 |
| 003 - CONTROL NUMBER IDENTIFIER |
| control field |
OSt |
| 005 - DATE AND TIME OF LATEST TRANSACTION |
| control field |
20240117130339.0 |
| 008 - FIXED-LENGTH DATA ELEMENTS--GENERAL INFORMATION |
| fixed length control field |
941025s1995 nyua b 001 0 eng |
| 020 ## - INTERNATIONAL STANDARD BOOK NUMBER |
| International Standard Book Number |
9780486283647 |
| 082 00 - DEWEY DECIMAL CLASSIFICATION NUMBER |
| Classification number |
720.92 |
| Edition number |
20 |
| Item number |
HOF |
| 100 1# - MAIN ENTRY--PERSONAL NAME |
| Personal name |
Hoffmann, Donald. |
| 245 10 - TITLE STATEMENT |
| Title |
Understanding Frank Lloyd Wright's architecture / |
| Statement of responsibility, etc |
Donald Hoffmann. |
| 260 ## - PUBLICATION, DISTRIBUTION, ETC. (IMPRINT) |
| Place of publication, distribution, etc |
New York : |
| Name of publisher, distributor, etc |
Dover Publications, |
| Date of publication, distribution, etc |
1995. |
| 300 ## - PHYSICAL DESCRIPTION |
| Extent |
x, 102 p. : |
| Other physical details |
ill. ; |
| Dimensions |
28 cm. |
| 504 ## - BIBLIOGRAPHY, ETC. NOTE |
| Bibliography, etc |
Includes bibliographical references and index. |
| 600 10 - SUBJECT ADDED ENTRY--PERSONAL NAME |
| Personal name |
Wright, Frank Lloyd, |
| Dates associated with a name |
1867-1959 |
| General subdivision |
Criticism and interpretation. |
| 942 ## - ADDED ENTRY ELEMENTS (KOHA) |
| Source of classification or shelving scheme |
|